2023 Cricket World Cup Indian Team - Statistics

General Stats
  • This quiz has been taken 255 times
  • The average score is 12 of 14
Answer Stats
Position Name % Correct
Captain Rohit Sharma
99%
Batter Virat Kohli
97%
Wicket-keeper K. L. Rahul
93%
Pace Bowler Jasprit Bumrah
92%
Pace Bowler Mohammed Shami
89%
Batter Shubman Gill
89%
Spin bowler Kuldeep Yadav
86%
Pace Bowler Mohammed Siraj
86%
All-rounder Ravindra Jadeja
86%
Batter Suryakumar Yadav
83%
Vice-Captain Hardik Pandya
82%
Batter Shreyas Iyer
78%
Wicket-keeper Ishan Kishan
73%
Pace Bowler Shardul Thakur
39%
No matching quizzes found
Score Distribution
Percent of People with Each Score
Percentile by Number Answered
Your Score History
You have not taken this quiz